00466nam a22001217a 4500003000900000005001700009008004800026040002200074110004300096245011700139260006700256300002100323DO-SdBNP20180409131449.0160311b 2006 dr xxu||||| |||| 00| 0 spa d aBPMSUbspacBPMSU 4República Dominicana.b[Leyes, etc.]10aLey general del la juventud 49-00 :bacta final de la convención iberoamericana de derechos de los jóvenes / aSanto Domingo :bSecretaría de Estado de la Juventud,c2006. a89 p. ;b14 cm.